Taylor Swift - Devine la chanson sans indices #71 - Statistiques

Statistiques générales
  • Ce quiz a été pris 191 fois
  • Le résultat moyen est 249 sur 371
Statistiques - réponses
Réponse % Correct
I
100%
(I
100%
a
99%
You
99%
you
99%
you)
99%
the
95%
me
92%
me,
92%
your
91%
on
87%
and
86%
And
86%
be
86%
my
85%
to
84%
in
83%
They
81%
they
81%
when
81%
you're
81%
it's
78%
that
78%
we're
78%
could
73%
I'm
73%
can
72%
but
71%
But
71%
Don't
71%
don't
71%
of
71%
there
71%
ever
63%
I'll
62%
Day
60%
if
60%
shoes
60%
want
60%
up
59%
will
59%
with
59%
down
58%
New
56%
after
55%
night
55%
their
55%
There's
55%
Year's
55%
from
54%
last
54%
lost,
54%
party
54%
floor
53%
Hold
53%
hold
53%
(hold
53%
glitter
52%
gonna
50%
lobby
50%
tell
50%
memories
48%
memories,
48%
Girls
47%
back
46%
before,
46%
read
46%
babe
45%
bottles
45%
cleaning
45%
midnights
45%
stay
45%
become
44%
long
44%
page
44%
Please
44%
stranger
44%
times
44%
anywhere
42%
hand
42%
laugh
42%
out
42%
recognize
42%
Whose
42%
Or
41%
or
41%
road
41%
hard,
40%
taxi
40%
carrying
39%
three
38%
away
37%
forevermore
35%
making
35%
squeeze
33%
mistakes
32%
wrong,
32%
Polaroids
31%
home
29%
hardwood
27%
scared,
27%
town,
27%
turning
27%
Candle
23%
wax
23%
toast
20%
crawling
14%
strike
14%
Aucun quiz correspondant
Distribution des résultats
% des personnes avec chaque résultat
Percentile par nombre de réponses
Votre historique - résultats
Vous n’avez pas pris ce quiz